[Event "Kazan-ch"]
[Site "Kazan"]
[Date "2006.12.05"]
[Round "9"]
[White "Sadykov, Rustem1"]
[Black "Sadykov, Mars"]
[Result "1-0"]
[WhiteElo "2042"]
[BlackElo "2169"]
[PlyCount "55"]
[EventDate "2006.11.21"]
[EventType "swiss"]
[EventRounds "11"]
[EventCountry "RUS"]
[SourceTitle "EXT 2019"]
[Source "ChessBase"]
[SourceDate "2018.10.10"]
[SourceVersion "1"]
[SourceVersionDate "2018.10.10"]
[SourceQuality "1"]

1. d4 d5 2. c4 e6 3. Nc3 Be7 4. Nf3 Nf6 5. Bg5 Ne4 6. Bxe7 Qxe7 7. e3 Nxc3 8. bxc3 0-0 9. Bd3 dxc4 10. Bxc4 c5 11. 0-0 b6 12. e4 Bb7 13. Qe2 Nc6 14. e5 Rfd8 15. Rad1 cxd4 16. cxd4 Rac8 17. d5 exd5 18. Bxd5 Na5 19. Bxb7 Nxb7 20. Nd4 Re8 21. f4 Qc5 22. Kh1 Rcd8 23. Nf5 Rxd1 24. Rxd1 Qc8 25. Qg4 g6 26. Ne7+ Rxe7 27. Qxc8+ Kg7 28. Rd7 1-0